00459nam a2200121Ia 4500008004100000100001800041245011800059245004100177260004900218260000900267650001300276856004800289170221s9999 xx 000 0 und d aWafi Albalawi aEvaluating the usability of SAFEER e-services implemented by the Saudi Arabian Cultural Mission (SACM) in the USA cWafi Albalawi, King Saud University. bJournal of Management and Marketing Research c2014 xBusiness uhttp://www.aabri.com/manuscripts/142090.pdf